|
|
|
|
| LEADER |
01183nam a2200253 a 4500 |
| 001 |
0009610 |
| 003 |
BD-DhAAL |
| 008 |
100215s2000 bg ar s f a eng d |
| 010 |
|
|
|a 95902837
|z sn 96021722
|
| 040 |
|
|
|a ICRL
|c ICRL
|d MH
|d DLC
|d BD-DhAAL
|
| 082 |
|
|
|a 330.9549205
|
| 245 |
0 |
0 |
|a Bangladesh economic review 2000 /
|c Economic Adviser's Wing, Finance Division, MInistry of Finance, Government of the People's Republic of Bangladesh.
|
| 260 |
|
|
|a Dhaka :
|b The Division,
|c 2000.
|
| 300 |
|
|
|a 196 p. :
|b ill. ;
|c 27 cm
|
| 310 |
|
|
|a Annual
|
| 362 |
0 |
|
|a June 1995-
|
| 541 |
1 |
|
|e 00009611
|
| 651 |
|
0 |
|a Bangladesh
|x Economic conditions
|x Periodicals.
|
| 710 |
1 |
|
|a Economic Adviser's Wing.
|
| 852 |
4 |
|
|a Ayesha Abed Library
|c General Stacks
|
| 942 |
|
|
|2 ddc
|c BK
|
| 999 |
|
|
|c 7538
|d 7538
|
| 952 |
|
|
|0 0
|1 0
|2 ddc
|4 0
|6 330_954920500000000_BAN_2000
|7 0
|9 8165
|a BRACUL
|b BRACUL
|c GEN
|d 2010-02-15
|l 0
|o 330.9549205 BAN
|p 3010009611
|r 2010-02-15
|t 2
|w 2010-02-15
|y BK
|
| 952 |
|
|
|0 0
|1 0
|2 ddc
|4 0
|6 330_954920500000000_BAN
|7 0
|9 8166
|a BRACUL
|b BRACUL
|c GEN
|d 2010-02-15
|l 1
|m 1
|o 330.9549205 BAN
|p 3010009610
|r 2021-01-10
|s 2020-01-19
|t 1
|w 2010-02-15
|y BK
|x Koha Inventory 2020 ; Previously missing book recovered on 10 August 2025
|